00424nam a22001457a 450000500170000000800410001708200170005810000470007524500160012226000640013830000130020250000420021594200060025799900150026320250408063615.0250408b |||||||| |||| 00| 0 eng d 222a080bSHA aDemocratic Socialist Republic of Sri Lanka aShanth Akka aSri LankabDemocratic Socialist Republic of Sri Lankac2015 a122 p ., aMemory book of Shanthi Sachithanandam cL c6016d6016